000 00701nam a2200241 a 4500
001 000029494
003 DO-SdBNP
005 20230131125310.0
007 ta
008 110418s1977 dr 000 | spa d
040 _aDO-SdBNP
_bspa
_cBNPHU
082 _axxx
_bB483c, 1977
_222
100 1 _aBeras, Francisco Elpidio,
_d1901-
_956263
245 1 3 _aLa contribución del Seybo al grito del Conde /
_cFrancisco Elpidio Beras.
250 _a2a ed.
260 _aSanto Domingo :
_bImprenta Compostela,
_c1977.
300 _a24 p. ;
_c22 cm.
490 1 _aInstituto Duartiano
_v9
590 _aInventariado, 2023 / DG
830 0 _aInstituto Duartiano;
_v9
_923205
910 _aDG
942 _2ddc
_cLF2
999 _c28986
_d28986